[Event "Titled Tuesday intern op 14th April"]
[Site "Chess.com INT"]
[Date "2020.04.14"]
[Round "2"]
[White "Egorov, Evgeni"]
[Black "Haridas, Kesavan"]
[Result "0-1"]
[WhiteElo "2314"]
[BlackElo "2085"]
[PlyCount "94"]
[EventDate "2020.04.14"]
[EventType "swiss (blitz)"]
[EventRounds "10"]
[EventCountry "USA"]
[SourceTitle "EXT 2021"]
[Source "ChessBase"]
[SourceDate "2020.10.23"]
[SourceVersion "1"]
[SourceVersionDate "2020.10.23"]
[SourceQuality "1"]

1. e4 e5 2. Bc4 Nc6 3. Nc3 Nf6 4. d3 Bb4 5. Nf3 d5 6. exd5 Nxd5 7. 0-0 Nxc3 8. bxc3 Bxc3 9. Ng5 Be6 10. Nxe6 fxe6 11. Rb1 Qe7 12. Rxb7 0-0 13. Qg4 Rae8 14. Qe4 Nd8 15. Rxa7 Bd4 16. Ra8 Qb4 17. Be3 c5 18. g3 Kh8 19. a4 Nf7 20. Rxe8 Rxe8 21. Qc6 Rf8 22. Bc1 Nh6 23. Qe4 Ng4 24. Kg2 Nxf2 25. Qc6 Qb8 26. c3 Rc8 27. Qf3 Rf8 28. Qxf8+ Qxf8 29. cxd4 Qa8+ 30. Kxf2 cxd4 31. Kg1 h5 32. Bb5 e4 33. dxe4 Qxe4 34. Bd2 d3 35. a5 Qd4+ 36. Rf2 Qa1+ 37. Kg2 Qd4 38. Kg1 Qa1+ 39. Kg2 Qd4 40. Be8 Qd5+ 41. Kg1 Qa2 42. Bg6 Qb1+ 43. Kg2 Qb7+ 44. Kh3 Kg8 45. Bc3 e5 46. Bb4 Qc8+ 47. Kg2 Qb7+ 0-1

[Event "Titled Tuesday intern op 2nd Aug"]
[Site "Chess.com INT"]
[Date "2016.08.02"]
[Round "7"]
[White "Bian, Alex"]
[Black "Haridas, Kesavan"]
[Result "1-0"]
[WhiteElo "2300"]
[BlackElo "2125"]
[PlyCount "125"]
[EventDate "2016.08.02"]
[EventType "swiss (blitz)"]
[EventRounds "9"]
[EventCountry "USA"]
[SourceTitle "EXT 2021"]
[Source "ChessBase"]
[SourceDate "2020.10.23"]
[SourceVersion "1"]
[SourceVersionDate "2020.10.23"]
[SourceQuality "1"]

1. e4 e5 2. Nf3 Nc6 3. d4 exd4 4. Nxd4 Nf6 5. Nxc6 bxc6 6. e5 Ne4 7. Qe2 Nc5 8. g3 Be7 9. Bg2 0-0 10. 0-0 Ba6 11. c4 Rb8 12. b3 d5 13. exd6 Qxd6 14. Rd1 Qe6 15. Qxe6 fxe6 16. Bxc6 Bf6 17. Be3 Bxa1 18. Bxc5 Rfd8 19. Re1 Bb7 20. Bxb7 Rxb7 21. Na3 Bd4 22. Bxd4 Rxd4 23. Nb5 Rd2 24. Rxe6 Kf7 25. Ra6 c5 26. Nd6+ Rxd6 27. Rxd6 Rc7 28. Kg2 Ke7 29. Rd5 Ke6 30. Kf3 Rc6 31. Ke4 Ra6 32. Rxc5 Rxa2 33. Ke3 Kd6 34. Rb5 Kc6 35. h4 a5 36. f3 Ra3 37. Ke4 a4 38. bxa4 Rc3 39. Kd4 Rxf3 40. Rg5 g6 41. a5 Ra3 42. g4 Ra1 43. Rb5 Rg1 44. g5 Rg4+ 45. Kc3 Rxh4 46. a6 Rh3+ 47. Kb4 Rh1 48. Ra5 Rb1+ 49. Kc3 Rb8 50. a7 Ra8 51. Kd4 Kb7 52. Ke5 Re8+ 53. Kd6 Ka8 54. Kd7 Rh8 55. c5 h6 56. gxh6 Rxh6 57. c6 g5 58. Kc7 Rh8 59. Kb6 Rg8 60. c7 g4 61. Rc5 Rc8 62. Rd5 g3 63. Rd8 1-0

[Event "Titled Tuesday intern op 5th Jan"]
[Site "Chess.com INT"]
[Date "2016.01.05"]
[Round "2"]
[White "Babiy, Igor"]
[Black "Haridas, Kesavan"]
[Result "0-1"]
[WhiteElo "2234"]
[BlackElo "2142"]
[PlyCount "40"]
[EventDate "2016.01.05"]
[EventType "swiss (blitz)"]
[EventRounds "9"]
[EventCountry "USA"]
[SourceTitle "EXT 2021"]
[Source "ChessBase"]
[SourceDate "2020.10.23"]
[SourceVersion "1"]
[SourceVersionDate "2020.10.23"]
[SourceQuality "1"]

1. e4 e5 2. Nf3 Nc6 3. Bb5 a6 4. Ba4 d6 5. 0-0 Nge7 6. c3 g6 7. d4 Bd7 8. Be3 Bg7 9. Na3 0-0 10. Qd2 Nxd4 11. cxd4 Bxa4 12. dxe5 dxe5 13. Qb4 Bd7 14. Bc5 Re8 15. Rfd1 b6 16. Be3 Nc6 17. Qc3 Qe7 18. Rac1 Rad8 19. Rxd7 Qxd7 20. Qxc6 Qxc6 0-1

[Event "Titled Tuesday intern op 5th Jan"]
[Site "Chess.com INT"]
[Date "2016.01.05"]
[Round "7"]
[White "Haridas, Kesavan"]
[Black "Kotepalli, Sai Nirupama"]
[Result "1-0"]
[WhiteElo "2142"]
[BlackElo "1944"]
[PlyCount "55"]
[EventDate "2016.01.05"]
[EventType "swiss (blitz)"]
[EventRounds "9"]
[EventCountry "USA"]
[SourceTitle "EXT 2021"]
[Source "ChessBase"]
[SourceDate "2020.10.23"]
[SourceVersion "1"]
[SourceVersionDate "2020.10.23"]
[SourceQuality "1"]

1. e4 c5 2. c3 Nf6 3. e5 Nd5 4. g3 Nc6 5. f4 d6 6. exd6 exd6 7. Bg2 Nf6 8. Ne2 d5 9. d4 c4 10. 0-0 Be7 11. Nd2 Bf5 12. Nf3 0-0 13. b3 cxb3 14. axb3 a6 15. Re1 Re8 16. Bb2 Ne4 17. Ne5 Nxe5 18. fxe5 Rc8 19. Rc1 Bg5 20. Nf4 Bxf4 21. gxf4 Qh4 22. Rf1 Bg4 23. Qd3 Bf5 24. Qe3 Rc6 25. c4 Rg6 26. cxd5 Bh3 27. Rc2 Bf5 28. Re2 1-0

[Event "Titled Tuesday intern op 1st Dec"]
[Site "Chess.com INT"]
[Date "2015.12.01"]
[Round "6"]
[White "Haridas, Kesavan"]
[Black "Ostrovskiy, Andrey"]
[Result "0-1"]
[WhiteElo "2142"]
[BlackElo "2410"]
[PlyCount "74"]
[EventDate "2015.12.01"]
[EventType "swiss (blitz)"]
[EventRounds "9"]
[EventCountry "USA"]
[SourceTitle "EXT 2021"]
[Source "ChessBase"]
[SourceDate "2020.10.23"]
[SourceVersion "1"]
[SourceVersionDate "2020.10.23"]
[SourceQuality "1"]

1. a3 e5 2. g3 d5 3. Bg2 c6 4. e3 Bd6 5. Ne2 h5 6. d4 e4 7. h4 Bg4 8. c4 Nd7 9. Nbc3 Ne7 10. b4 Nf6 11. Qb3 0-0 12. Bb2 a6 13. Nf4 Bxf4 14. gxf4 Nf5 15. c5 Ne8 16. Kd2 Nxh4 17. Rh2 Nxg2 18. Rxg2 Nc7 19. Rag1 Ne6 20. Ne2 g6 21. Qd1 Ng7 22. Qf1 Nf5 23. Ng3 Nh4 24. Kc3 Nxg2 25. Qxg2 a5 26. f5 axb4+ 27. axb4 b6 28. Qh2 Qb8 29. Qh4 bxc5 30. dxc5 Ra2 31. Kb3 Rxb2+ 32. Kxb2 Qxb4+ 33. Kc2 Qxc5+ 34. Kd2 Qb4+ 35. Kc2 Qc4+ 36. Kd2 Qd3+ 37. Ke1 Qd1# 0-1

[Event "Titled Tuesday intern op 1st Dec"]
[Site "Chess.com INT"]
[Date "2015.12.01"]
[Round "9"]
[White "Havanecz, Bianka"]
[Black "Haridas, Kesavan"]
[Result "1/2-1/2"]
[WhiteElo "2282"]
[BlackElo "2142"]
[PlyCount "153"]
[EventDate "2015.12.01"]
[EventType "swiss (blitz)"]
[EventRounds "9"]
[EventCountry "USA"]
[SourceTitle "EXT 2021"]
[Source "ChessBase"]
[SourceDate "2020.10.23"]
[SourceVersion "1"]
[SourceVersionDate "2020.10.23"]
[SourceQuality "1"]

1. d4 g6 2. c4 Bg7 3. Nc3 e6 4. e4 Ne7 5. Be3 d5 6. cxd5 exd5 7. e5 0-0 8. Bd3 c5 9. Nge2 Nbc6 10. f4 Bg4 11. Qd2 Nf5 12. Bxf5 Bxf5 13. dxc5 Be6 14. 0-0 f6 15. exf6 Bxf6 16. Rad1 Qa5 17. Nd4 Nxd4 18. Bxd4 Bxd4+ 19. Qxd4 Rad8 20. b4 Qa3 21. Rde1 Bf7 22. Re3 Rfe8 23. Rxe8+ Rxe8 24. Nxd5 Bxd5 25. Qxd5+ Kg7 26. Qd7+ Kf8 27. f5 Qe3+ 28. Kh1 Qe2 29. Rg1 Qe7 30. Qxe7+ Rxe7 31. fxg6 hxg6 32. a4 Re4 33. Rb1 Rc4 34. h3 Kf7 35. Kh2 Ke6 36. Kg3 Kd5 37. Kf3 Kc6 38. g4 a5 39. bxa5 Rxa4 40. Rb6+ Kxc5 41. Rxg6 Ra3+ 42. Kg2 Kd4 43. Rg5 Ke4 44. Rb5 Kf4 45. Rb4+ Kg5 46. Rxb7 Ra2+ 47. Kf3 Ra3+ 48. Ke4 Ra4+ 49. Kd3 Rxa5 50. Rh7 Re5 51. Kd4 Re1 52. Rh5+ Kg6 53. h4 Rg1 54. Rg5+ Kf6 55. Ke4 Rh1 56. Rh5 Kg6 57. Kf4 Rf1+ 58. Kg3 Rg1+ 59. Kf3 Rf1+ 60. Kg2 Rf4 61. Kg3 Ra4 62. Rf5 Ra3+ 63. Rf3 Ra4 64. h5+ Kg7 65. Kh4 Ra5 66. Re3 Ra7 67. Re5 Kf6 68. Rf5+ Kg7 69. Kg5 Rb7 70. h6+ Kh7 71. Kh5 Rb1 72. Rf7+ Kg8 73. Rg7+ Kh8 74. g5 Rh1+ 75. Kg6 Rxh6+ 76. Kf7 Rf6+ 77. gxf6 1/2-1/2

[Event "Titled Tuesday intern op 1st Sept"]
[Site "Chess.com INT"]
[Date "2015.09.01"]
[Round "5"]
[White "Fawole, John Oyeyemi"]
[Black "Haridas, Kesavan"]
[Result "0-1"]
[WhiteElo "2126"]
[BlackElo "2142"]
[PlyCount "92"]
[EventDate "2015.09.01"]
[EventType "swiss (blitz)"]
[EventRounds "9"]
[EventCountry "USA"]
[SourceTitle "EXT 2021"]
[Source "ChessBase"]
[SourceDate "2020.10.23"]
[SourceVersion "1"]
[SourceVersionDate "2020.10.23"]
[SourceQuality "1"]

1. d4 g6 2. c4 Bg7 3. Nc3 e6 4. Nf3 Ne7 5. e4 d5 6. exd5 exd5 7. cxd5 Nxd5 8. Bc4 Nxc3 9. bxc3 0-0 10. 0-0 c6 11. h3 Nd7 12. a4 Nb6 13. Bb3 Nd5 14. Bd2 h6 15. Re1 Be6 16. Rb1 b6 17. Qe2 Re8 18. Qd3 Qf6 19. c4 Nf4 20. Bxf4 Qxf4 21. d5 Bf5 22. Qd2 Qxd2 23. Nxd2 Bxb1 24. Rxb1 cxd5 25. cxd5 Rad8 26. f3 f5 27. Kf1 Bc3 28. Rd1 Bxd2 29. Rxd2 Re3 30. Bc4 Rc3 31. Ba2 Rd6 32. Rb2 Ra3 33. Bb3 Kg7 34. Ke2 Kf6 35. f4 Ra1 36. Kd3 Rc1 37. a5 bxa5 38. Bc4 Rb6 39. Ra2 Rb4 40. Ba6 Rd1+ 41. Kc3 Rxd5 42. Re2 Rc5+ 43. Kd3 Rxf4 44. Bb7 a4 45. g3 Rb4 46. Re8 Rxb7 0-1

[Event "Titled Tuesday intern op 4th Aug"]
[Site "Chess.com INT"]
[Date "2015.08.04"]
[Round "2"]
[White "Karamsetty, Jeevan"]
[Black "Haridas, Kesavan"]
[Result "1-0"]
[WhiteElo "2089"]
[BlackElo "2142"]
[PlyCount "51"]
[EventDate "2015.08.04"]
[EventType "swiss (blitz)"]
[EventRounds "9"]
[EventCountry "USA"]
[SourceTitle "EXT 2021"]
[Source "ChessBase"]
[SourceDate "2020.10.23"]
[SourceVersion "1"]
[SourceVersionDate "2020.10.23"]
[SourceQuality "1"]

1. e4 e5 2. Nf3 Nc6 3. Bb5 a6 4. Ba4 d6 5. c3 Nge7 6. h3 g6 7. 0-0 Bg7 8. d4 0-0 9. Be3 h6 10. Re1 f5 11. exf5 Nxf5 12. Bc2 Nxe3 13. fxe3 exd4 14. Bxg6 dxe3 15. Rxe3 Qf6 16. Bc2 Ne5 17. Nbd2 Bd7 18. Nxe5 Qf2+ 19. Kh1 Bxe5 20. Rf3 Rxf3 21. Nxf3 Rf8 22. Nxe5 Bxh3 23. Qd5+ Kg7 24. gxh3 Qxc2 25. Rg1+ Kh7 26. Qxb7 1-0